01818nam a22004217a 4500003000500000005001700005008004100022010001000063011001000073035001000083040000900093090001000102100004600112245017300158260004000331300001000371502010900381590003700490590004100527590004100568590004100609590004100650590004100691590004200732650003500774650002800809650004300837650003100880650005800911650004200969901000701011942000901018949004301027949004801070999001701118952013301135952012801268CHAP20220329133847.0971013s1986 r 00010 d a11905 a12877 a16613 cCHAP aTesis00aRentería Oseguera, José Jaime.995975 aComportamiento de familias de hermanos completos derivados de la variedad sintética de maíz (Zea mays L.) vs-22 al virus rayado fino y mosaico y enanismo del maíz aChapingo, Méx. :bEl autor,c1986 a43 h. aTesis (Ing. Agr. Esp. en Parasitología Agrícola) -- UACH. Departamento de Parasitología Agrícola aALEPHb10c20130110lUCH01h1230 aBATCH-UPDb10c20130110lUCH01h0201 aBATCH-UPDb10c20130110lUCH01h1722 aBATCH-UPDb10c20130409lUCH01h2208 aBATCH-UPDb10c20130410lUCH01h1105 aBATCH-UPDb10c20130914lUCH01h1135 aCONVERSIONb10c20130109lUCH01h130814aAchaparramiento del maiz.954214aDalbulus maidis.93093014aMaízxEnfermedades por virus.97094314aMaízxHíbridos.97097414aMaízxVariedades resistentes a enfermedades.97108214aVirus del mosaico del maíz.9119962 aBK cFOLL bBCcTESd-149865eTS1h18974i16613si bBCcTESd-149866eTS2fc.2h18975i16613si c11905d11905 00102local4053708TESISaBCbBCcPA_TESISd2019-12-31fTESISl0oTesisp-149866r2019-12-31 00:00:00tc.2w2019-12-31yTESIS 00102local4051708TESISaBCbBCcPA_TESISd2019-12-31fTESISl0oTesisp-149865r2019-12-31 00:00:00w2019-12-31yTESIS